000
00332nam a2200133Ia 4500
008
240624s9999 xx 000 0 und d
041
_a
eng
082
_a
005.1 PET
100
_a
PETERS JAMES F
245
_a
SOFTWARE ENGINEERING AN ENGINEERING APPR
260
_c
2004
_a
Singapore
_b
John Wiley
300
_a
xviii, : 702
365
_c
RS
999
_c
1377
_d
1377